Most Guessed Subdivision by Country - Statistics

General Stats
  • This quiz has been taken 2,929 times
    2,729 since last reset
  • The average score is 13 of 20
Answer Stats
Country Type % Answer % Correct
United States State 96% California
98%
United Kingdom County 93% Greater London
87%
Canada Province 93% Quebec
87%
Ireland County 94% Dublin
83%
Japan Prefecture 97% Tokyo
78%
Germany State 95% Bavaria
74%
United Arab Emirates Emirate 98% Dubai
74%
Spain Region 92% Catalonia
73%
Russia Subject 97% Moscow
73%
Brazil State 97% Rio de Janeiro
71%
Australia State 93% Tasmania
71%
Switzerland Canton 95% Bern
67%
Italy Region 93% Sicily
66%
China Province 93% Beijing
64%
India State 85% Delhi
62%
New Zealand Region 96% Auckland
58%
Mexico State 87% Baja California
54%
France Region 86% Brittany
54%
Netherlands Province 82% Noord Holland
30%
South Africa Province 74% Western Cape
25%
No matching quizzes found
Score Distribution
Percent of People with Each Score
Percentile by Number Answered
Your Score History
You have not taken this quiz since the last reset